| 000 | 01159nam a2200241Ia 4500 | ||
|---|---|---|---|
| 003 | Ost | ||
| 005 | 20260507074935.0 | ||
| 008 | 260507s9999||||xx |||||||||||||| ||und|| | ||
| 020 | _a9789957710652 | ||
| 040 | _cfsecg | ||
| 041 | _aara | ||
| 082 | _a657.835 | ||
| 100 |
_aزنكنة، أسامة رشيد سلمان _eمؤلف |
||
| 245 | 0 |
_aالنظام المحاسبي في الوحدات الحكومية و مجالات تطويره / _c أسامة رشيد سلمان زنكنة |
|
| 260 |
_aعمان: _bدار دجلة, _c2008 |
||
| 300 |
_a295 صفحة؛ _c24 سم |
||
| 504 | _aبيبليوغرافيا ص. 205؛ ملاحق ص.219 | ||
| 520 | _aيحتوي هذا الكتاب على:الإطار النظري للمحاسبة الحكومية،تقييم النظام المحاسبي الحكومي اللامركزي في جامعة صلاح الدين - أربيل،مجالات تطوير النظام المحاسبي الحكومي اللامركزي في جامعة صلاح الدين - أربيل. | ||
| 653 | _aادارة عامة | ||
| 653 | _aحكومة محلية | ||
| 653 | _aمحاسبة مالية | ||
| 942 | _cكتاب | ||
| 999 |
_c41884 _d41884 |
||